书目信息 |
| 题名: |
微生物学检验技术
|
|
| 作者: | 吐尔洪·艾买尔 , 段巧林 , 杜兆丰 主编 | |
| 分册: | ||
| 出版信息: | 武汉 华中科技大许出版社 2012 |
|
| 页数: | 323 | |
| 开本: | 26cm | |
| 丛书名: | ||
| 单 册: | ||
| 中图分类: | R446.5 | |
| 科图分类: | ||
| 主题词: | 诊断学 | |
| 电子资源: | ||
| ISBN: | 7-5609-8016-4 | |
| 000 | 00718nam0 2200205 450 | |
| 001 | 1735846483 | |
| 005 | 20170410095726.48 | |
| 010 | @a7-5609-8016-4@d¥42.00 | |
| 100 | @a20170410d km y0chiy0120 ea | |
| 101 | 0 | @achi |
| 200 | 1 | @a微生物学检验技术@Awei sheng wu xue jian yan ji shu@f段巧林,杜兆丰,吐尔洪.艾买尔主编@Fduan qiao lin,du zhao feng,tu er hong.ai mai er zhu bian |
| 210 | @a武汉@c华中科技大许出版社@d2012 | |
| 215 | @a323@d26cm | |
| 606 | 0 | @a诊断学 |
| 690 | @aR446.5@v4 | |
| 701 | 0 | @a吐尔洪·艾买尔@Atu er hong·ai mai er@4主编 |
| 701 | 0 | @a段巧林@Aduan qiao lin@4主编 |
| 701 | 0 | @a杜兆丰@Adu zhao feng@4主编 |
| 801 | 0 | @aCN@b大连网信软件有限公司图书馆·11@c20170410 |
| 905 | @b6603920@dR446.5@en5@f1 | |
| 微生物学检验技术/段巧林,杜兆丰,吐尔洪.艾买尔主编.-武汉:华中科技大许出版社,2012 |
| 323;26cm |
| ISBN 7-5609-8016-4:¥42.00 |
| ● |
| 相关链接 |
|
|
|
|
正题名:微生物学检验技术
索取号:R446.5/n5
 
预约/预借
| 序号 | 登录号 | 条形码 | 馆藏地/架位号 | 状态 | 备注 |
| 1 | 6603920 | 266039208 | 密集书库-生命科学系/ [索取号:R446.5/n5] | 在馆 |